LEADER 01105nam0-22003971i-450- 001 990001501290403321 005 20091119123946.0 010 $a88-7051-254-1 035 $a000150129 035 $aFED01000150129 035 $a(Aleph)000150129FED01 035 $a000150129 100 $a20030304d2001----km-y0itay50------ba 101 0 $aita 102 $aIT 105 $aa---a---001yy 200 1 $aCitologia e istologia$econcetti base$fRoberto Colombo 210 $aMilano$cEdi.Ermes$dc2001 215 $avi, 167 p.$cill. (col.)$d27 cm 610 0 $aCitologia 610 0 $aIstologia 676 $a574.824 700 1$aColombo,$bRoberto$f<1945- >$0301126 801 0$aIT$bUNINA$gRICA$2UNIMARC 901 $aBK 912 $a990001501290403321 952 $a574.824-COL-1$b2530$fSC1 952 $a574.824-COL-1A$b2531$fSC1 952 $a574.824-COL-1B$b2532$fSC1 952 $a574.824-COL-1C$b2788$fSC1 952 $aBL-574.824-(3$b2640$fNAP10 952 $aBL-574.824-(3 a$b3282$fNAP10 959 $aSC1 959 $aNAP10 996 $aCitologia e istologia$9377177 997 $aUNINA LEADER 02702oam 2200625 c 450 001 9910956227103321 005 20260302090207.0 010 $a3-657-76028-8 024 3 $a9783657760282 035 $a(CKB)4100000011946681 035 $a(MiAaPQ)EBC6631763 035 $a(Au-PeEL)EBL6631763 035 $a(OCoLC)1255222145 035 $a(Brill | Scho?ningh)9783657760282 035 $a(Brill | Schöningh)9783657760282 035 $a(EXLCZ)994100000011946681 100 $a20260302d2021 uy 0 101 0 $aeng 135 $aurcnu|||||||| 181 $ctxt$2rdacontent 182 $cc$2rdamedia 183 $acr$2rdacarrier 200 14$aThe Reluctant Exiles$eLatvians in the West after World War II$fAndrejs Plakans 205 $a1st ed. 210 $aPaderborn$cBrill | Schöningh$d2021 215 $a1 online resource (741 pages) 225 0 $aOn the Boundary of Two Worlds$v45 311 08$a3-506-76028-9 330 $aThe book is a group biography of the 175,000+ Latvians who fled their homeland during the final year of World War II (1944?45), lived until 1951 as refugees in Sweden and Germany, and then dispersed to other countries throughout the world.The post-1945 history of these Latvians includes a description of their lives in ?displaced person? camps in post-war Germany, dispersion in the 1949?1951 years, resettlement in new host countries in Europe and overseas, strategies of adaptation to the new circumstances, organizational efforts, acculturation and assimilation, measures of cultural and linguistic preservation, renewal of contacts with the old homeland, generational change and disagreements, political mobilization, changes in personal and group identity, and, after 1991, the inclusion by the Latvian government of the descendants of this post-war population into a formally designated ?Latvian diaspora? (Diaspora Law, 2019). 410 0$aOn the boundary of two worlds ;$vVolume 45. 606 $aDiaspora 606 $aEmigration 606 $aAssimilation 606 $aCultural Preservation 606 $aBilingualism 606 $aNational Identity 606 $aBaltic Region 606 $aLanguage Maintenance 615 4$aDiaspora 615 4$aEmigration 615 4$aAssimilation 615 4$aCultural Preservation 615 4$aBilingualism 615 4$aNational Identity 615 4$aBaltic Region 615 4$aLanguage Maintenance 676 $a920.0475 700 $aPlakans$b Andrejs$4aut$01308746 801 0$bMiAaPQ 801 1$bMiAaPQ 801 2$bMiAaPQ 906 $aBOOK 912 $a9910956227103321 996 $aThe Reluctant Exiles$94382505 997 $aUNINA